000 00714nam a22002177a 4500
999 _c158693
_d158693
005 20181112124316.0
010 _aENG-124480
020 _a9789353062866
_c259.00
035 _aEN-108012
037 _bDBAD/PUB
082 _a150
100 _aMorris, Charles G.
245 _aUnderstanding psychology/
_cby Charles G. Morris [and] Albert A. Maisto
250 _a11th ed.
260 _aNew Delhi
_bPearson
_c2019
270 _a14 Local Shopping Centre, Panchsheel Park
_bNew Delhi
_e110017
300 _axi,539p.
_c26cm. (pbk)
_bill. pic.
500 _aIt includes Glossary, References, Credits, Name Index and Subject Index
700 _a Maisto, Albert A.
942 _2ddc
_cEN
_h150
_mMOR